[Event "43rd North Shore Open"]
[Site "Auckland NZL"]
[Date "2016.08.20"]
[Round "3.1"]
[White "Hague, Ben"]
[Black "Polishchuk, Kirill"]
[Result "1-0"]
[WhiteElo "2480"]
[BlackElo "2231"]
[PlyCount "165"]
[EventDate "2016.08.20"]

1. e4 c5 2. Nf3 Nc6 3. d4 cxd4 4. Nxd4 e5 5. Nb5 a6 6. Nd6+ Bxd6 7. Qxd6 Qe7 8.
Qd1 Nf6 9. Nc3 d6 10. Bg5 Be6 11. Nd5 Bxd5 12. exd5 Nb8 13. c4 Nbd7 14. Be2 h6
15. Be3 O-O 16. O-O Rfe8 17. Rc1 Nh7 18. Bg4 e4 19. Bxd7 Qxd7 20. b4 Nf6 21.
Qd4 b5 22. Bxh6 bxc4 23. Bg5 Ng4 24. Bf4 Ne5 25. Bxe5 Rxe5 26. Rxc4 Qa4 27. Rc6
f6 28. Rxd6 Rb8 29. Rb6 Rxb6 30. Qxb6 Qxa2 31. d6 Rd5 32. h3 Qd2 33. Qxa6 f5
34. Qc8+ Kh7 35. Qe6 Qd4 36. d7 Rxd7 37. Qxf5+ g6 38. Qc5 Qb2 39. Qc6 Re7 40.
b5 Qe5 41. Re1 Re6 42. Qc4 Kh6 43. Qb4 Qb8 44. Rb1 Qb6 45. Qf8+ Kh7 46. Rd1 Qa7
47. Rd8 Qa1+ 48. Kh2 Qe5+ 49. g3 Re7 50. Qg8+ Kh6 51. Qh8+ Qxh8 52. Rxh8+ Kg7
53. Rc8 e3 54. fxe3 Rxe3 55. h4 Rb3 56. Rc5 Kh6 57. Rg5 Kg7 58. h5 Kh6 59. hxg6
Kg7 60. Kg2 Rc3 61. Kf2 Rc8 62. b6 Rc2+ 63. Kf3 Rb2 64. Kg4 Rxb6 65. Kh5 Rb3
66. Kh4 Rb4+ 67. g4 Rb6 68. Kh5 Rb2 69. Ra5 Rb7 70. Rf5 Rb6 71. Rf7+ Kg8 72.
Ra7 Rb8 73. Kh6 Rc8 74. Rg7+ Kh8 75. Rf7 Kg8 76. Re7 Rb8 77. Rf7 Rc8 78. Rf6
Rc1 79. Ra6 Rc8 80. g5 Rb8 81. g7 Kf7 82. Rf6+ Ke7 83. Kh7 1-0

[Event "43rd North Shore Open"]
[Site "Auckland NZL"]
[Date "2016.08.20"]
[Round "3.2"]
[White "McLaren, Leonard J"]
[Black "Fan, Allen Chi Zhou"]
[Result "1-0"]
[WhiteElo "2340"]
[BlackElo "2053"]
[PlyCount "81"]
[EventDate "2016.08.20"]

1. e4 Nf6 2. e5 Nd5 3. c4 Nb6 4. d4 d6 5. exd6 exd6 6. Nc3 Nc6 7. Be3 Be7 8.
Bd3 Bf6 9. Nge2 O-O 10. O-O Nb4 11. b3 Nxd3 12. Qxd3 Re8 13. Rad1 g6 14. Ng3
Bg7 15. Rfe1 f5 16. Qd2 Be6 17. d5 Bf7 18. Bd4 Nd7 19. Nb5 Ne5 20. f4 a6 21.
Nc3 Ng4 22. Rxe8+ Bxe8 23. Bxg7 Kxg7 24. h3 Nf6 25. Nce2 Bf7 26. Nd4 Qd7 27.
Qc3 Re8 28. a4 c5 29. dxc6 bxc6 30. Ndxf5+ gxf5 31. Rxd6 Qa7+ 32. Kh2 Re6 33.
Rxe6 Bxe6 34. Nh5+ Kg8 35. Nxf6+ Kf8 36. Qe5 Qf7 37. Nxh7+ Ke7 38. Ng5 Qg8 39.
Qxe6+ Qxe6 40. Nxe6 Kxe6 41. g4 1-0

[Event "43rd North Shore Open"]
[Site "Auckland NZL"]
[Date "2016.08.20"]
[Round "3.3"]
[White "Morrell, Gordon"]
[Black "Gong, Daniel Hanwen"]
[Result "1-0"]
[WhiteElo "2161"]
[BlackElo "2264"]
[PlyCount "63"]
[EventDate "2016.08.20"]

1. d4 Nf6 2. c4 g6 3. Nc3 Bg7 4. e4 d6 5. h3 O-O 6. Bg5 h6 7. Be3 Nc6 8. d5 Ne5
9. Qd2 Kh7 10. f4 Ned7 11. g4 e6 12. dxe6 fxe6 13. O-O-O Ng8 14. Bd3 Ne7 15.
Nge2 Nb8 16. h4 e5 17. f5 Bd7 18. Rdf1 Nbc6 19. g5 gxf5 20. exf5 Bxf5 21. gxh6
Bh8 22. Ng3 Qd7 23. Nxf5 Nxf5 24. Ne4 Nce7 25. Rhg1 Bf6 26. Bg5 Bxg5 27. hxg5
Kh8 28. g6 Nxg6 29. Rxg6 Qh7 30. Rf6 Rxf6 31. Nxf6 Qe7 32. Rxf5 1-0

[Event "43rd North Shore Open"]
[Site "Auckland NZL"]
[Date "2016.08.20"]
[Round "3.4"]
[White "Capel, Evan T"]
[Black "Johns, Daniel P"]
[Result "1-0"]
[WhiteElo "2411"]
[BlackElo "1979"]
[PlyCount "59"]
[EventDate "2016.08.20"]

1. b4 c6 2. Bb2 a5 3. bxa5 Qxa5 4. c4 Nf6 5. e3 d5 6. Nf3 Bf5 7. Be2 e6 8. Bxf6
gxf6 9. O-O Qa4 10. Qc1 Nd7 11. cxd5 cxd5 12. Nd4 Bg6 13. Qc7 Qa5 14. Qxb7 Rb8
15. Qc6 Bc5 16. Nb3 Qb6 17. Qxb6 Bxb6 18. Nc3 Ke7 19. Rfc1 Rhc8 20. Nb5 Nc5 21.
Nxc5 Bxc5 22. a4 Bb4 23. d4 Ba5 24. Na7 Rxc1+ 25. Rxc1 Kd6 26. Bb5 Bc7 27. Rc6+
Kd7 28. Rb6+ Kd8 29. Nc6+ Kc8 30. Ba6+ 1-0

[Event "43rd North Shore Open"]
[Site "Auckland NZL"]
[Date "2016.08.20"]
[Round "3.5"]
[White "Zhang, Jasmine Haomo"]
[Black "Ang, Alphaeus Wei Ern"]
[Result "0-1"]
[WhiteElo "1940"]
[BlackElo "2210"]
[PlyCount "76"]
[EventDate "2016.08.20"]

1. d4 Nf6 2. c4 g6 3. Nc3 Bg7 4. e4 d6 5. f3 O-O 6. Be3 c5 7. d5 e6 8. Bd3 exd5
9. cxd5 Na6 10. Bxa6 bxa6 11. Nge2 Re8 12. Qd2 Rb8 13. O-O Nd7 14. Bf4 Ne5 15.
Qc2 a5 16. Rab1 Ba6 17. Rfd1 Nc4 18. Qc1 Qb6 19. b3 Ne5 20. Qe3 Qb4 21. Rbc1
Qa3 22. Rc2 Rb7 23. Na4 f5 24. Qc1 Qxc1 25. Bxc1 fxe4 26. fxe4 Bd3 27. Rcd2
Bxe4 28. Ng3 Ng4 29. Re2 Bd4+ 30. Rxd4 cxd4 31. Rxe4 Rxe4 32. Nxe4 Re7 33. Bd2
Rxe4 34. Nb2 Re2 35. Nc4 d3 36. a4 Ne5 37. Bxa5 Nxc4 38. bxc4 d2 0-1

[Event "43rd North Shore Open"]
[Site "Auckland NZL"]
[Date "2016.08.20"]
[Round "3.6"]
[White "Picken, Oliver"]
[Black "Duneas, John"]
[Result "1-0"]
[WhiteElo "1751"]
[BlackElo "2205"]
[PlyCount "65"]
[EventDate "2016.08.20"]

1. e4 Nf6 2. e5 Nd5 3. d4 d6 4. c4 Nb6 5. f4 dxe5 6. fxe5 c5 7. d5 e6 8. Nc3
exd5 9. cxd5 c4 10. Nf3 Bg4 11. Be2 Bb4 12. d6 Nc6 13. Bf4 O-O 14. O-O Qd7 15.
Nd5 Nxd5 16. Qxd5 Be6 17. Qe4 b5 18. Ng5 Bf5 19. Bg4 Bc5+ 20. Kh1 Nd4 21. Bxf5
Qxf5 22. Qd5 Bb6 23. Be3 Qg6 24. Rxf7 Rxf7 25. Nxf7 Rf8 26. Rf1 Ne6 27. Bxb6
axb6 28. d7 Qd3 29. Nh6+ gxh6 30. Qxe6+ Kg7 31. Qe7+ Kg6 32. Qxf8 Qxd7 33. Qf6+
1-0

[Event "43rd North Shore Open"]
[Site "Auckland NZL"]
[Date "2016.08.20"]
[Round "3.7"]
[White "Krstev, Antonio"]
[Black "Goodhue, Nathan"]
[Result "1-0"]
[WhiteElo "2086"]
[BlackElo "2036"]
[PlyCount "121"]
[EventDate "2016.08.20"]

1. d4 f5 2. c4 e6 3. Nc3 Nf6 4. g3 d5 5. Bg5 c6 6. e3 Bd6 7. c5 Bc7 8. Bxf6
Qxf6 9. f4 O-O 10. Nf3 b5 11. b4 a5 12. a3 Bd7 13. Bd3 Be8 14. Kf2 Bh5 15. h3
Bxf3 16. Qxf3 Nd7 17. Qh5 g6 18. Qh6 Qg7 19. Qxg7+ Kxg7 20. Rhg1 Ra7 21. Bxb5
axb4 22. axb4 Rxa1 23. Rxa1 Nb8 24. Ra7 Rf7 25. Ba4 Bd8 26. Rxf7+ Kxf7 27. b5
Ba5 28. bxc6 Nxc6 29. Nb5 Ke7 30. Nd6 Na7 31. g4 Bc7 32. Ne8 Ba5 33. g5 Bd8 34.
Ke2 Kf7 35. Kd3 Kf8 36. Nd6 Ke7 37. Nb7 Bc7 38. Ke2 Nc8 39. Kf3 Na7 40. h4 Nc8
41. Kg3 Na7 42. h5 Nc8 43. h6 Na7 44. Kf3 Nc8 45. Ke2 Na7 46. Kd3 Nc8 47. Kc3
Na7 48. Kb4 Kf8 49. Nd6 Bd8 50. Be8 Bc7 51. Bxg6 hxg6 52. Ne8 Kxe8 53. h7 Kd7
54. h8=Q Nc6+ 55. Kb5 Na7+ 56. Ka6 Nc6 57. Qh7+ Ne7 58. Kb7 Ba5 59. Qg7 Bd2 60.
c6+ Ke8 61. Qe5 1-0